000
00286 a2200121 4500
000
nam a22 7a 4500
005
20260130123012.0
020
_a
9781836192181
100
_a
Shannon Davis
_9
1112944
245
_a
Clinical Psychology
260
_b
Edtech Press
_c
2026
942
_c
TEXL
999
_c
1678420
_d
1678420